Miasta województwa tarnopolskiego II RP z mapą - Statystyki

Ogólne statystyki
  • Ten quiz został rozwiązany 21 razy
  • Średni wynik to 19 z 35
Odpowiedzi na mapie
Odpowiedzi zakodowano w zielono-czerwonej skali na mapie do tego quizu, zgodnie z poniższymi procentami.
 
Statystyki odpowiedzi
Miasto % Poprawnych
Tarnopol
100%
Trembowla
100%
Borszczów
83%
Brody
83%
Czortków
83%
Skała
83%
Zaleszczyki
83%
Buczacz
67%
Kopyczyńce
67%
Przemyślany
67%
Skałat
67%
Zbaraż
67%
Zborów
67%
Złoczów
67%
Brzeżany
50%
Grzymałów
50%
Jazłowiec
50%
Mikulińce
50%
Podhajce
50%
Radziechów
50%
Barysz
33%
Budzanów
33%
Busk
33%
Gliniany
33%
Husiatyn
33%
Jagielnica
33%
Kamionka Strumiłowa
33%
Kozowa
33%
Łopatyn
33%
Monasterzyska
33%
Olesko
33%
Podwołoczyska
33%
Pomorzany
33%
Sassów
33%
Załoźce
33%
Nie znaleziono quizów pasujących do podanych kryteriów
Rozkład punktacji
Procent ludzi z każdym wynikiem
Percentyl według liczby udzielonych odpowiedzi
Twoja historia wyników
Nie rozwiązałeś tego quizu